<?xml version="1.0" encoding="UTF-8"?>
<record
    xmlns:xsi="http://www.w3.org/2001/XMLSchema-instance"
    xsi:schemaLocation="http://www.loc.gov/MARC21/slim http://www.loc.gov/standards/marcxml/schema/MARC21slim.xsd"
    xmlns="http://www.loc.gov/MARC21/slim">

  <leader>01573ngm a2200349   4500</leader>
  <controlfield tag="003">dpl</controlfield>
  <controlfield tag="005">20090319111227.0</controlfield>
  <controlfield tag="007">DVD</controlfield>
  <controlfield tag="008">||||||sp199   xxu|||||c |||  00| 0 ng d </controlfield>
  <datafield tag="010" ind1=" " ind2=" ">
    <subfield code="a">DVD-001845-1847</subfield>
  </datafield>
  <datafield tag="024" ind1=" " ind2=" ">
    <subfield code="a">VENF 0096</subfield>
    <subfield code="c">49.00</subfield>
  </datafield>
  <datafield tag="035" ind1=" " ind2=" ">
    <subfield code="a">DVD-001845-1847</subfield>
  </datafield>
  <datafield tag="040" ind1=" " ind2=" ">
    <subfield code="a">DPL</subfield>
    <subfield code="c">DPL</subfield>
  </datafield>
  <datafield tag="082" ind1=" " ind2=" ">
    <subfield code="a">DVD / WARR</subfield>
  </datafield>
  <datafield tag="245" ind1=" " ind2=" ">
    <subfield code="a">Warriors of the Wasteland /</subfield>
    <subfield code="c">Fabrizio De Angelis Presents</subfield>
    <subfield code="h">[videorecording] DVD/</subfield>
  </datafield>
  <datafield tag="260" ind1=" " ind2=" ">
    <subfield code="b">Moserbaer Entertainment</subfield>
  </datafield>
  <datafield tag="300" ind1=" " ind2=" ">
    <subfield code="a">1 videodisc VCD;</subfield>
    <subfield code="b">sd., col. ;</subfield>
    <subfield code="c">4 3/4 in.</subfield>
    <subfield code="f">VCD</subfield>
  </datafield>
  <datafield tag="440" ind1=" " ind2=" ">
    <subfield code="a">Moserbaer Home Entertainment</subfield>
  </datafield>
  <datafield tag="500" ind1=" " ind2=" ">
    <subfield code="a">Moserbaer India Ltd. has obtained the necessary licence/conssent from the owner of the copyright in the wroks for making this DVD Film.</subfield>
  </datafield>
  <datafield tag="538" ind1=" " ind2=" ">
    <subfield code="a">Dolby Digital 5.1 -English Subtitles: English</subfield>
  </datafield>
  <datafield tag="650" ind1=" " ind2=" ">
    <subfield code="a">Motion Picture</subfield>
  </datafield>
  <datafield tag="700" ind1=" " ind2=" ">
    <subfield code="a">Brent, Timothy</subfield>
  </datafield>
  <datafield tag="700" ind1=" " ind2=" ">
    <subfield code="a">Wiliamson, Fred</subfield>
  </datafield>
  <datafield tag="700" ind1=" " ind2=" ">
    <subfield code="a">Eastman, George</subfield>
  </datafield>
  <datafield tag="700" ind1=" " ind2=" ">
    <subfield code="a">Kanakis, Anna</subfield>
  </datafield>
  <datafield tag="700" ind1=" " ind2=" ">
    <subfield code="a">Moore, Thomas</subfield>
  </datafield>
  <datafield tag="942" ind1=" " ind2=" ">
    <subfield code="c">CF</subfield>
    <subfield code="2">ddc</subfield>
    <subfield code="h">DVD</subfield>
    <subfield code="m">WARR</subfield>
  </datafield>
  <datafield tag="999" ind1=" " ind2=" ">
    <subfield code="c">25407</subfield>
    <subfield code="d">25407</subfield>
  </datafield>
  <datafield tag="952" ind1=" " ind2=" ">
    <subfield code="0">0</subfield>
    <subfield code="1">0</subfield>
    <subfield code="2">ddc</subfield>
    <subfield code="4">0</subfield>
    <subfield code="7">0</subfield>
    <subfield code="a">L</subfield>
    <subfield code="b">L</subfield>
    <subfield code="d">2009-03-19</subfield>
    <subfield code="e">Purchase</subfield>
    <subfield code="g">49.00</subfield>
    <subfield code="l">2</subfield>
    <subfield code="o">DVD WARR</subfield>
    <subfield code="p">DVD-001845</subfield>
    <subfield code="r">2013-11-30 00:00:00</subfield>
    <subfield code="s">2013-11-22</subfield>
    <subfield code="t">1</subfield>
    <subfield code="v">49.00</subfield>
    <subfield code="w">2009-03-19</subfield>
    <subfield code="y">CF</subfield>
  </datafield>
  <datafield tag="952" ind1=" " ind2=" ">
    <subfield code="0">0</subfield>
    <subfield code="1">0</subfield>
    <subfield code="2">ddc</subfield>
    <subfield code="4">0</subfield>
    <subfield code="7">0</subfield>
    <subfield code="a">ZLS</subfield>
    <subfield code="b">ZLS</subfield>
    <subfield code="d">2009-03-19</subfield>
    <subfield code="e">Purchase</subfield>
    <subfield code="g">49.00</subfield>
    <subfield code="l">1</subfield>
    <subfield code="o">DVD WARR</subfield>
    <subfield code="p">DVD-001846</subfield>
    <subfield code="r">2013-10-14 00:00:00</subfield>
    <subfield code="s">2013-10-05</subfield>
    <subfield code="t">1</subfield>
    <subfield code="v">49.00</subfield>
    <subfield code="w">2009-03-19</subfield>
    <subfield code="y">CF</subfield>
  </datafield>
  <datafield tag="952" ind1=" " ind2=" ">
    <subfield code="0">0</subfield>
    <subfield code="1">0</subfield>
    <subfield code="2">ddc</subfield>
    <subfield code="4">0</subfield>
    <subfield code="7">0</subfield>
    <subfield code="a">BL1</subfield>
    <subfield code="b">BL1</subfield>
    <subfield code="d">2009-03-19</subfield>
    <subfield code="e">Purchase</subfield>
    <subfield code="g">49.00</subfield>
    <subfield code="l">1</subfield>
    <subfield code="o">DVD WARR</subfield>
    <subfield code="p">DVD-001847</subfield>
    <subfield code="r">2009-10-28 00:00:00</subfield>
    <subfield code="s">2009-10-14</subfield>
    <subfield code="t">1</subfield>
    <subfield code="v">49.00</subfield>
    <subfield code="w">2009-03-19</subfield>
    <subfield code="y">CF</subfield>
  </datafield>
</record>
